000 00232nam a2200097Ia 4500
001 924416
005 20250826191521.0
008 250824s9999 xx 000 0 und d
245 0 _aANNA KARENİNA
_cTOLSTOY
260 _bANONİM YAYINLARI
999 _c924416
_d924416